000 00451nam a2200157Ia 4500
008 230711s9999||||xx |||||||||||||| ||und||
041 _aENG
082 _a666
_bBU-I
100 _aBureau of Indian Standard
245 0 _aSI : 7246 1974
_brecommendations for use of table variators for condoildating concrete
250 _a1st
260 _c1974
_aNew Delhi
_bBureau of Indian Standard
300 _a8
650 _aMechanical Engineering
942 _cBK
999 _c1549
_d1549